000 00314nam a22001217a 4500
008 160521b xxu||||| |||| 00| 0 eng d
020 _a0321550072
020 _a9780321550071
041 _aeng
080 _a578
245 _aMicrobiology:
_cGerard J. Tortora; Berdell R. Funke; Christine L. Case;
942 _2udc
_cBK
999 _c2359
_d2359